Business guide to the world trading system (Record no. 11696)

000 -LEADER
fixed length control field 00604cam a2200181 a 4500
020 ## - INTERNATIONAL STANDARD BOOK NUMBER
ISBN 0850926211
040 ## - CATALOGING SOURCE
Transcribing agency UKM
082 ## - DEWEY DECIMAL CLASSIFICATION NUMBER
Classification number 382 COM 1999 A017 Or.
245 00 - TITLE STATEMENT
Title Business guide to the world trading system
250 ## - EDITION STATEMENT
Edition statement 2nd ed
260 ## - PUBLICATION, DISTRIBUTION, ETC. (IMPRINT)
Place of publication Geneva :
Name of publisher International Trade Centre UNCTAD/WTO ;
Place of publication London :
Name of publisher Commonwealth Secretariat,
Year of publication 1999
300 ## - PHYSICAL DESCRIPTION
Number of Pages xxiv, 329 p. ;
Dimensions 30 cm
500 ## - GENERAL NOTE
General note Previous ed. published as: Business guide to the Uruguay round, 1995
650 #0 - SUBJECT ADDED ENTRY--TOPICAL TERM
Topical Term International trade
710 2# - ADDED ENTRY--CORPORATE NAME
Corporate name or jurisdiction name as entry element Commonwealth Secretariat
710 2# - ADDED ENTRY--CORPORATE NAME
Corporate name or jurisdiction name as entry element International Trade Centre UNCTAD/WTO
942 ## - ADDED ENTRY ELEMENTS (KOHA)
Koha item type សៀវភៅភាសាអង់គ្លេស
952 ## - LOCATION AND ITEM INFORMATION (KOHA)
Withdrawn status [LOCAL, KOHA] 0
Holdings
Permanent Location Date acquired Koha item type Lost status Shelving location Barcode Current Location Full call number
Library Block A2017-08-04សៀវភៅភាសាអង់គ្លេស A017A13429Library Block A382 COM 1999 A017 Or.
មជ្ឈមណ្ឌលឯការនៃសាកលវិទ្យាល័យភូមិន្ទកសិកម្មចំការដូង

Powered by Koha